Texas pretrial practice. (Registro nro. 173009)

Detalles MARC
000 -LEADER
fixed length control field 01007nam a22003131i 4500
001 - CONTROL NUMBER
control field bslw10068108
006 - FIXED-LENGTH DATA ELEMENTS--ADDITIONAL MATERIAL CHARACTERISTICS--GENERAL INFORMATION
fixed length control field m o d
007 - PHYSICAL DESCRIPTION FIXED FIELD--GENERAL INFORMATION
fixed length control field cr un ---uuuua
008 - FIXED-LENGTH DATA ELEMENTS--GENERAL INFORMATION
fixed length control field 230712s2013 cau ob 001 0 eng d
020 ## - INTERNATIONAL STANDARD BOOK NUMBER
International Standard Book Number 1580120628
035 ## -
-- 38705
040 ## - CATALOGING SOURCE
Original cataloging agency UtOrBLW
Language of cataloging eng
Description conventions rda
Transcribing agency UtOrBLW
043 ## -
-- n-us-tx
050 #4 -
-- KFT1737
-- .B75 2013
082 04 -
-- 347.764072
-- 23
100 1# - MAIN ENTRY--PERSONAL NAME
Personal name Brister, Scott,
Dates associated with a name 1955-
Relator term author.
245 10 - TITLE STATEMENT
Title Texas pretrial practice.
Number of part/section of a work Volume 1 /
Statement of responsibility, etc Hon. Scott Brister (Ret.), Dan S. Boyd, Esq..
250 ## -
-- Revision 10.
264 #1 -
-- Costa Mesa, CA :
-- James Publishing,
-- 2013.
300 ## - PHYSICAL DESCRIPTION
Extent 1 online resource (1 volume (various pagings))
336 ## -
-- text
-- txt
-- rdacontent
337 ## -
-- computer
-- c
-- rdamedia
338 ## -
-- online resource
-- cr
-- rdacarrier
504 ## - BIBLIOGRAPHY, ETC. NOTE
Bibliography, etc Includes bibliographical references and index.
650 #0 - SUBJECT ADDED ENTRY--TOPICAL TERM
Topical term or geographic name as entry element Pre-trial procedure
Geographic subdivision Texas.
856 40 - LOCALIZACIÓN Y ACCESO ELECTRÓNICO
Identificador Uniforme del Recurso (URI/URL) https://app.vlex.com/#/sources/38705
942 ## -
-- RAA
999 ## -
-- 173009
-- 173009

No hay ítems disponibles.


CONTACTO


NOSOTROS


SITIOS DE INTERES

coordinacion.biblioteca.biblioteca@unienlinea.mx Misión, Visión y Objetivos Bases de datos
Directorio Bibliotecas Digitales y Repositorios
Normatividad Revistas y artículos
Convenios interbibliotecarios
Boletines



Hecho en México. Universidad Insurgentes (UIN). Todos los derechos reservados 2024. Esta página y sus contenidos pueden ser reproducidos con fines no lucrativos, siempre y cuando no se mutile, se cite la fuente completa y su dirección electrónicas. De otra forma requiere permiso previo por escrito de la institución




2024 Copyright Universidad Insurgentes | www.bibliouin.com.mx